00837nam a2200205 a 450000100100000000500170001000800410002702000150006804000240008308200150010710000440012224501660016626000400033230000280037249000310040050000320043183000380046395201130050199900170061400004269520201002040331.0140205s1999 gw 000 0 spa d a3934520006 aDO-SdBNPbspacBNPH axxxxbxxxx1 aBispo, Antonio Alexandre,d1949-97000310aBrasil/Europa & Musicología /cA. A. Bispo ; Coordenados sob a dir. de Harald Hülskath. [Akademie Brasil-Europa für Kultur- und Wissenschaftswissenschaft]. aKöln, Germany :bA. B. E.,c1999. a491 p. :bil. ;c21 cm.1 aAnais de ciência musical aBibliografía : p. 476-491 0aAnais de ciência musical970004 001050718MOaGRbGRcCTd2014-02-05iLF1l0oxxxx xxxxp42695-10r2020-06-25w2020-06-25y1ZNo se presta c42184d42184